A handful of dust / (Record no. 16839)
[ view plain ]
| 000 -LEADER | |
|---|---|
| fixed length control field | 01313cam a2200361 a 4500 |
| 001 - CONTROL NUMBER | |
| control field | 12820800 |
| 003 - CONTROL NUMBER IDENTIFIER | |
| control field | EG-ScBUE |
| 005 - DATE AND TIME OF LATEST TRANSACTION | |
| control field | 20220210094745.0 |
| 008 - FIXED-LENGTH DATA ELEMENTS--GENERAL INFORMATION | |
| fixed length control field | 020617s2002 nyu f b 000 1 eng d |
| 020 ## - INTERNATIONAL STANDARD BOOK NUMBER | |
| International Standard Book Number | 9780375414206 |
| 040 ## - CATALOGING SOURCE | |
| Original cataloging agency | TEF |
| Language of cataloging | eng |
| Description conventions | rda |
| Transcribing agency | TEF |
| Modifying agency | DLC |
| -- | EG-ScBUE |
| 082 04 - DEWEY DECIMAL CLASSIFICATION NUMBER | |
| Classification number | 823.912 |
| Edition number | 22 |
| Item number | WAU |
| 100 1# - MAIN ENTRY--PERSONAL NAME | |
| Personal name | Waugh, Evelyn, |
| Dates associated with a name | 1903-1966, |
| Relator term | author. |
| 9 (RLIN) | 30449 |
| 245 12 - TITLE STATEMENT | |
| Title | A handful of dust / |
| Statement of responsibility, etc | Evelyn Waugh ; with an introduction by William Boyd. |
| 264 #1 - PUBLICATION, DISTRIBUTION, ETC. (IMPRINT) | |
| Place of publication, distribution, etc | New York : |
| Name of publisher, distributor, etc | Alfred A. Knopf, |
| Date of publication, distribution, etc | 2002. |
| 300 ## - PHYSICAL DESCRIPTION | |
| Extent | xxxvii, 225 pages ; |
| Dimensions | 21 cm. |
| 336 ## - CONTENT TYPE | |
| Source | rdacontent |
| Content type term | text |
| Content type code | txt |
| 337 ## - MEDIA TYPE | |
| Source | rdamedia |
| Media type term | unmediated |
| Media type code | n |
| 338 ## - CARRIER TYPE | |
| Source | rdacarrier |
| Carrier type term | volume |
| Carrier type code | nc |
| 490 0# - SERIES STATEMENT | |
| Series statement | Everyman's library ; |
| Volume number/sequential designation | 252 |
| 500 ## - GENERAL NOTE | |
| General note | Originally published: Farrar & Rinehart : New York, 1934. |
| 504 ## - BIBLIOGRAPHY, ETC. NOTE | |
| Bibliography, etc | Includes bibliographical references. |
| 650 #7 - SUBJECT ADDED ENTRY--TOPICAL TERM | |
| Topical term or geographic name as entry element | Aristocracy (Social class) |
| Form subdivision | Fiction. |
| 9 (RLIN) | 30451 |
| Source of heading or term | BUEsh |
| 650 #7 - SUBJECT ADDED ENTRY--TOPICAL TERM | |
| Topical term or geographic name as entry element | British |
| Geographic subdivision | Brazil |
| Form subdivision | Fiction. |
| 9 (RLIN) | 30452 |
| Source of heading or term | BUEsh |
| 650 #7 - SUBJECT ADDED ENTRY--TOPICAL TERM | |
| Topical term or geographic name as entry element | Country homes |
| Form subdivision | Fiction. |
| 9 (RLIN) | 30453 |
| Source of heading or term | BUEsh |
| 650 #7 - SUBJECT ADDED ENTRY--TOPICAL TERM | |
| Topical term or geographic name as entry element | Adultery |
| Form subdivision | Fiction. |
| 9 (RLIN) | 30454 |
| Source of heading or term | BUEsh |
| 651 #7 - SUBJECT ADDED ENTRY--GEOGRAPHIC NAME | |
| Geographic name | England |
| Form subdivision | Fiction. |
| 9 (RLIN) | 30455 |
| Source of heading or term | BUEsh |
| 651 #7 - SUBJECT ADDED ENTRY--GEOGRAPHIC NAME | |
| Geographic name | Brazil |
| Form subdivision | Fiction. |
| 9 (RLIN) | 30456 |
| Source of heading or term | BUEsh |
| 653 ## - INDEX TERM--UNCONTROLLED | |
| Arrived date list | July2012 |
| Resource For college | Humanities: English |
| 655 ## - INDEX TERM--GENRE/FORM | |
| Form subdivision | Reading book |
| 9 (RLIN) | 34232 |
| 942 ## - ADDED ENTRY ELEMENTS (KOHA) | |
| Source of classification or shelving scheme | Dewey Decimal Classification |
| Koha item type | Book - Borrowing |
| Withdrawn status | Lost status | Source of classification or shelving scheme | Damaged status | Not for loan | Collection code | Home library | Current library | Shelving location | Date acquired | Source of acquisition | Cost, normal purchase price | Serial Enumeration / chronology | Total Checkouts | Full call number | Barcode | Date last seen | Date checked out | Price effective from | Koha item type |
|---|---|---|---|---|---|---|---|---|---|---|---|---|---|---|---|---|---|---|---|
| Dewey Decimal Classification | Baccah | Central Library | Central Library | Second Floor | 10/07/2012 | 125.00 | 15359 | 2 | 823.912 WAU | 000026942 | 15/07/2025 | 19/11/2019 | 10/07/2012 | Book - Borrowing |